| 000 | 01622cam a2200457 4500 | ||
|---|---|---|---|
| 003 | PE-LiUPU | ||
| 005 | 20250731173330.0 | ||
| 020 | _a8479147407 | ||
| 035 | _a(Sirsi) i9788479147402 | ||
| 035 | _a(Sirsi) 41987 | ||
| 035 | _a(Sirsi) 41987 | ||
| 041 | _aes | ||
| 044 | _aes | ||
| 082 | 0 | 4 |
_a262.01 _bE91 |
| 100 | 1 | _aEsquerda Bifet, Juan | |
| 245 | 1 | 3 |
_aLa misión al estilo de los apóstole : _bItinierario para la formación inicial y permanente / _cJuan Esquerda Bifet. |
| 264 | 1 |
_aMadrid : _bAutores Cristianos, _c2004 |
|
| 300 |
_a289 páginas ; _c22 cm. |
||
| 504 | _aIncluye bibliografía | ||
| 505 | 0 | _aMirar al mundo de hoy con los ojos de Jesús -- Jesús y sus discípulos -- El camino formativo del encuentro con Cristo -- Compartir la vida con Cristo: el camino formativo del seguimiento evangélico -- Comunión de hermanos: Jesús en medio | |
| 526 | _aSEG42 | ||
| 526 | _aSEG41 | ||
| 526 | _aSEG40 | ||
| 526 | _aSEG39 | ||
| 526 | _aP94 | ||
| 526 | _aP87 | ||
| 526 | _aP86 | ||
| 526 | _aP85 | ||
| 526 | _aP77 | ||
| 526 | _aP76 | ||
| 526 | _aP35 | ||
| 650 | 1 | 4 | _aMisión de la Iglesia. |
| 942 |
_2ddc _cBOOK |
||
| 949 |
_a262.01 E91 _i59262 _lCCODEBUL1 _mBUL _tLIBRO _o.STAFF. Colección General |
||
| 859 |
_q59262 _h262.01 _iE91 |
||
| 910 |
_ajv _bjv _clch _d20090112 |
||
| 596 | _a1 | ||
| 999 |
_a262.01 E91 _wDEWEY _c48047 _i59262 _d48047 _e2018-11-8 _f2021-11-10 _g5 _lCCODEBUL1 _mBUL _n1 _r0 _sY _tBOOK _u2015-6-25 _xTEOLOGIA _PP35 _0COMPRA _o.STAFF. Colección General |
||
| 980 |
_81 _gALBERTO SANCHEZ Responsable de Automatización |
||